[Event "Hans & Lenze"]
[Site "Lippstadt"]
[Date "1998.08.03"]
[Round "5"]
[White "Wehmeier, Stefan"]
[Black "Giorgadze, Giorgi"]
[Result "0-1"]
[WhiteElo "2405"]
[BlackElo "2605"]
[PlyCount "72"]
[EventDate "1998.07.30"]
[Source "ChessBase"]
[SourceDate "1998.09.09"]

1. e4 e5 2. Nf3 Nc6 3. Bc4 Bc5 4. c3 Nf6 5. d4 exd4 6. cxd4 Bb4+ 7. Nc3 Nxe4 8. O-O Bxc3 9. d5 Bf6 10. Re1 Ne7 11. Rxe4 d6 12. Bg5 Bxg5 13. Nxg5 h6 14. Qe2 hxg5 15. Re1 Be6 16. Re3 c6 17. dxe6 f6 18. Rh3 Rxh3 19. gxh3 g6 20. Bd3 Kf8 21. h4 gxh4 22. f4 Qa5 23. Be4 Re8 24. Kh1 f5 25. Bf3 Qb4 26. Rf1 Qd4 27. Qe1 Ng8 28. Qxh4 Rxe6 29. Qd8+ Re8 30. Qc7 Re7 31. Qd8+ Kf7 32. h4 Nh6 33. h5 g5 34. fxg5 Qh4+ 35. Kg2 Qxg5+ 36. Kh3 f4 0-1

[Event "Philadelphia Open"]
[Site "Philadelphia, PA USA"]
[Date "1986.??.??"]
[Round "?"]
[White "Rogers, Ian"]
[Black "Garcia Gonzales, Guillermo"]
[Result "1-0"]
[WhiteElo "2515"]
[BlackElo "2495"]
[PlyCount "65"]
[EventDate "1986.07.??"]
[Source "www.chesslib.no"]
[SourceDate "2004.05.04"]

1. e4 e5 2. Nf3 Nc6 3. Bc4 Bc5 4. c3 Nf6 5. d4 exd4 6. cxd4 Bb4+ 7. Nc3 Nxe4 8. O-O Bxc3 9. d5 Bf6 10. Re1 Ne7 11. Rxe4 d6 12. Bg5 Bxg5 13. Nxg5 O-O 14. Nxh7 Kxh7 15. Qh5+ Kg8 16. Rh4 f5 17. Rh3 f4 18. Qh7+ Kf7 19. Rf3 Nf5 20. Rxf4 Qg5 21. g3 Bd7 22. Bb5 c6 23. dxc6 bxc6 24. Bxc6 Qxf4 25. gxf4 Rh8 26. Qxh8 Rxh8 27. Bxd7 Nd4 28. Bg4 Kf6 29. Rd1 Nf5 30. Rd5 g6 31. Bxf5 gxf5 32. Rxd6+ Ke7 33. Ra6 1-0

[Event "Erfurt (Germany)"]
[Site "?"]
[Date "1998.??.??"]
[Round "2"]
[White "Ivanchuk Vassily"]
[Black "De Maertelaere Joeri"]
[Result "1/2-1/2"]
[WhiteElo "2730"]
[BlackElo "2245"]
[PlyCount "120"]
[EventDate "1998.??.??"]
[Source "www.chesslib.no"]
[SourceDate "2004.05.04"]

1. e4 e5 2. Nf3 Nc6 3. Bc4 Bc5 4. c3 Nf6 5. d4 exd4 6. cxd4 Bb4+ 7. Nc3 Nxe4 8. O-O Bxc3 9. d5 Bf6 10. Re1 Ne7 11. Rxe4 d6 12. Bg5 Bxg5 13. Nxg5 h6 14. Qe2 hxg5 15. Re1 Be6 16. dxe6 f6 17. Re3 Kf8 18. Qd3 g6 19. Rf3 Kg7 20. Rxf6 Rf8 21. Rf3 Rxf3 22. Qxf3 Qf8 23. Qxb7 Rb8 24. Qxa7 Rxb2 25. Bb3 Qf6 26. Qe3 Qf4 27. Qc3+ Qf6 28. Qe3 Qf4 29. Qa7 Re2 30. Rf1 d5 31. g3 Qd6 32. Rc1 c6 33. Qd4+ Qe5 34. Qg4 Re4 35. Qf3 Qxe6 36. a4 Qe5 37. a5 Re1+ 38. Rxe1 Qxe1+ 39. Kg2 Qxa5 40. Qe3 Qb4 41. Qxg5 Qe4+ 42. Kg1 Nf5 43. Qc1 c5 44. Bc2 Qc4 45. Qb2+ d4 46. Qb7+ Qf7 47. Qb8 c4 48. Qe5+ Qf6 49. Qc7+ Qf7 50. Qe5+ Kh7 51. Bxf5 Qxf5 52. Qxd4 Qb1+ 53. Kg2 Qb7+ 54. Kg1 Qc6 55. Qh4+ Kg8 56. Qd8+ Kf7 57. Qh8 c3 58. Qh7+ Kf6 59. Qh8+ Kg5 60. Qe5+ Kh6 1/2-1/2

[Event "op-06"]
[Site "Malaga"]
[Date "2003.02.23"]
[Round "4.2"]
[White "De la Paz, Frank"]
[Black "Rizouk, Aimen"]
[Result "1/2-1/2"]
[WhiteElo "2442"]
[BlackElo "2519"]
[PlyCount "57"]
[EventDate "2003.02.21"]
[Source "Roberto Alvarez"]
[SourceDate "2003.02.24"]

1. e4 e5 2. Nf3 Nc6 3. Bc4 Bc5 4. c3 Nf6 5. d4 exd4 6. cxd4 Bb4+ 7. Nc3 Nxe4 8. O-O Bxc3 9. d5 Bf6 10. Re1 Ne7 11. Rxe4 d6 12. Bg5 Bxg5 13. Nxg5 h6 14. Qe2 hxg5 15. Re1 Be6 16. dxe6 f6 17. Re3 c6 18. Rh3 Rxh3 19. gxh3 g6 20. Bd3 Qa5 21. b4 Qe5 22. Qd1 Qc3 23. b5 c5 24. Re3 O-O-O 25. Bxg6 Qd4 26. Rd3 Qe5 27. Re3 Qd4 28. Rd3 Qe5 29. Re3 1/2-1/2

[Event "Manchester, NH"]
[Site "?"]
[Date "1999.02.28"]
[Round "4"]
[White "Fang Joseph"]
[Black "Ivanov Alexander"]
[Result "0-1"]
[WhiteElo "2359"]
[BlackElo "2589"]
[PlyCount "74"]
[EventDate "1999.??.??"]
[Source "www.chesslib.no"]
[SourceDate "2004.05.04"]

1. e4 e5 2. Nf3 Nc6 3. Bc4 Bc5 4. c3 Nf6 5. d4 exd4 6. cxd4 Bb4+ 7. Nc3 Nxe4 8. O-O Bxc3 9. d5 Bf6 10. Re1 Ne7 11. Rxe4 d6 12. Bg5 Bxg5 13. Nxg5 h6 14. Qe2 hxg5 15. Re1 Be6 16. dxe6 f6 17. Re3 c6 18. Rh3 Rxh3 19. gxh3 g6 20. Qd2 d5 21. Qc3 d4 22. Qf3 Qa5 23. Re2 Qf5 24. Qa3 Qf4 25. Bd3 f5 26. Qc5 b6 27. Qc4 O-O-O 28. a4 Rh8 29. a5 Rxh3 30. Re1 b5 31. Qc2 Qxh2+ 32. Kf1 Qh1+ 33. Ke2 Qf3+ 34. Kd2 Qxf2+ 35. Kd1 Qxc2+ 36. Kxc2 Kc7 37. b4 Kd6 0-1

[Event "World Cities"]
[Site "Jakarta "]
[Date "1997.??.??"]
[Round "10"]
[White "Bancod, Ronald"]
[Black "Iuldachev, Saidali"]
[Result "0-1"]
[WhiteElo "2405"]
[BlackElo "2525"]
[PlyCount "60"]
[EventDate "1997.07.08"]
[Source "www.chesslib.no"]
[SourceDate "2004.05.04"]

1. e4 e5 2. Nf3 Nc6 3. Bc4 Bc5 4. c3 Nf6 5. d4 exd4 6. cxd4 Bb4+ 7. Nc3 Nxe4 8. O-O Bxc3 9. d5 Bf6 10. Re1 Ne7 11. Rxe4 d6 12. Bg5 Bxg5 13. Nxg5 h6 14. Qe2 hxg5 15. Re1 Be6 16. dxe6 f6 17. Re3 c6 18. Rh3 Rxh3 19. gxh3 g6 20. Qf3 Qa5 21. Qxf6 Qxe1+ 22. Bf1 O-O-O 23. Qxe7 Qe4 24. b4 Qf4 25. Be2 Rf8 26. f3 Rd8 27. Kg2 Qxb4 28. Qf7 Qf4 29. Qxg6 Qe5 30. Bd3 Rf8 0-1

[Event "Elgoibar"]
[Site "Elgoibar ESP"]
[Date "1993.??.??"]
[Round "1"]
[White "Iruzubieta Villaluenga, Jesus Maria"]
[Black "Milos, Gilberto"]
[Result "0-1"]
[WhiteElo "2360"]
[BlackElo "2560"]
[PlyCount "38"]
[EventDate "1993.??.??"]
[Source "www.chesslib.no"]
[SourceDate "2004.05.04"]

1. e4 e5 2. Nf3 Nc6 3. Bc4 Bc5 4. c3 Nf6 5. d4 exd4 6. cxd4 Bb4+ 7. Nc3 Nxe4 8. O-O Bxc3 9. d5 Bf6 10. Re1 Ne7 11. Rxe4 O-O 12. d6 cxd6 13. Bg5 d5 14. Bxd5 Nxd5 15. Qxd5 d6 16. Bxf6 Qxf6 17. Nd4 Rb8 18. Rae1 b6 19. Qc4 d5 0-1

[Event "Novi Sad ol (Men)"]
[Site "Novi Sad YUG"]
[Date "1990.??.??"]
[Round "6"]
[White "Rahman, Zillur"]
[Black "Marin, Mihail"]
[Result "0-1"]
[WhiteElo "2415"]
[BlackElo "2480"]
[PlyCount "106"]
[EventDate "1990.11.??"]
[Source "www.chesslib.no"]
[SourceDate "2004.05.04"]

1. e4 e5 2. Nf3 Nc6 3. Bc4 Bc5 4. c3 Nf6 5. d4 exd4 6. cxd4 Bb4+ 7. Nc3 Nxe4 8. O-O Bxc3 9. d5 Bf6 10. Re1 Ne7 11. Rxe4 d6 12. Bg5 Bxg5 13. Nxg5 h6 14. Qe2 hxg5 15. Re1 Be6 16. dxe6 f6 17. Re3 c6 18. Rh3 Rxh3 19. gxh3 g6 20. Rd1 Kf8 21. h4 gxh4 22. Rd4 Kg7 23. Bd3 Qc7 24. Rxh4 Qa5 25. Rg4 Rh8 26. f4 Qc5+ 27. Kh1 f5 28. Rg1 Qd5+ 29. Rg2 Rh4 30. Qf2 Rg4 31. Bf1 Rxg2 32. Bxg2 Qxe6 33. h3 a5 34. Qd4+ Kf7 35. b3 Qe1+ 36. Kh2 Qb4 37. Qf2 Ng8 38. Qa7 Qxf4+ 39. Kg1 Qc1+ 40. Kh2 Qf4+ 41. Kh1 Ne7 42. Qxb7 Qc1+ 43. Kh2 Qf4+ 44. Kh1 Qe3 45. Qa8 Qe1+ 46. Kh2 f4 47. Bxc6 Qg3+ 48. Kh1 Qxh3+ 49. Kg1 Qe3+ 50. Kh2 Qd2+ 51. Bg2 d5 52. Qh8 f3 53. Qh7+ Kf8 0-1

[Event "Campionato europeo 2007"]
[Site "Dresda GER"]
[Date "2007.04.06"]
[Round "4.119"]
[White "Bakalarz, Mieczyslaw"]
[Black "Romanov, Evgeny"]
[Result "0-1"]
[WhiteElo "2373"]
[BlackElo "2520"]
[PlyCount "84"]
[EventDate "2007.04.03"]
[Source "www.chesslib.no"]
[SourceDate "2004.05.04"]

1. e4 e5 2. Nf3 Nc6 3. Bc4 Bc5 4. c3 Nf6 5. d4 exd4 6. cxd4 Bb4+ 7. Nc3 Nxe4 8. O-O Bxc3 9. d5 Bf6 10. Re1 Ne7 11. Rxe4 d6 12. Bg5 Bxg5 13. Nxg5 h6 14. Qe2 hxg5 15. Re3 Bd7 16. Re1 O-O 17. Rxe7 Re8 18. Rxe8+ Bxe8 19. Bd3 c5 20. f4 gxf4 21. Qe4 g6 22. Qxf4 Kg7 23. Rf1 Qe7 24. h4 Qe5 25. Qxe5+ dxe5 26. g4 Rd8 27. Be4 Bd7 28. h5 Bxg4 29. h6+ Kxh6 30. Rxf7 Rd7 31. Rf6 Rg7 32. Kf2 Kg5 33. Rf8 Bf5 34. Bg2 Kf4 35. Re8 Rd7 36. Rh8 e4 37. Rh4+ Kg5 38. Kg3 Rxd5 39. Rh7 Rd3+ 40. Kh2 Rd2 41. Rxb7 e3 42. Re7 Kf4 0-1

[Event "Corr"]
[Site "?"]
[Date "2000.09.25"]
[Round "?"]
[White "De Coninck Georges (BEL)"]
[Black "Sande Oystein"]
[Result "0-1"]
[WhiteElo "2390"]
[BlackElo "2494"]
[PlyCount "96"]
[EventDate "2000.??.??"]
[Source "www.chesslib.no"]
[SourceDate "2004.05.04"]

1. e4 e5 2. Nf3 Nc6 3. Bc4 Bc5 4. c3 Nf6 5. d4 exd4 6. cxd4 Bb4+ 7. Nc3 Nxe4 8. O-O Bxc3 9. d5 Ne5 10. bxc3 Nxc4 11. Qd4 O-O 12. Qxe4 Nd6 13. Qd3 b6 14. Bg5 f6 15. Bf4 Bb7 16. c4 Re8 17. Bxd6 cxd6 18. Nd4 Qc7 19. Nf5 g6 20. Nh6+ Kg7 21. Ng4 h5 22. Ne3 Re5 23. Rab1 Rae8 24. Qa3 Bc8 25. Rfd1 Re4 26. h3 f5 27. Qc3+ Kf7 28. Rd4 Rxd4 29. Qxd4 Qc5 30. Nxf5 Qxd4 31. Nxd4 Ba6 32. Rb4 Re1+ 33. Kh2 Rc1 34. Nb5 Bxb5 35. cxb5 Rc5 36. Ra4 Rxb5 37. Rxa7 Ke7 38. Ra6 Rxd5 39. Rxb6 Rd2 40. a4 Rxf2 41. Rb5 Rd2 42. a5 d5 43. Rb6 d6 44. Rb7+ Ke6 45. Rg7 Kf5 46. a6 Ra2 47. a7 h4 48. Rxg6 Kxg6 0-1

[Event "JUG Ch"]
[Site "Banja Vrucica YUG"]
[Date "1991.??.??"]
[Round "?"]
[White "Markovic, Miroslav"]
[Black "Simic, Radoslav"]
[Result "1/2-1/2"]
[WhiteElo "2395"]
[BlackElo "2485"]
[PlyCount "34"]
[EventDate "1991.12.??"]
[Source "www.chesslib.no"]
[SourceDate "2004.05.04"]

1. e4 e5 2. Nf3 Nc6 3. Bc4 Bc5 4. c3 Nf6 5. d4 exd4 6. cxd4 Bb4+ 7. Nc3 Nxe4 8. O-O Bxc3 9. d5 Bf6 10. Re1 Ne7 11. Rxe4 d6 12. Bg5 Bxg5 13. Nxg5 O-O 14. Nxh7 Kxh7 15. Qh5+ Kg8 16. Rh4 f6 17. Qh7+ Kf7 1/2-1/2

[Event "San Fernando Open"]
[Site "San Fernando"]
[Date "1991.??.??"]
[Round "?"]
[White "Garcia Palermo, Carlos H"]
[Black "Reyes, Juan"]
[Result "1/2-1/2"]
[WhiteElo "2455"]
[BlackElo "2415"]
[PlyCount "32"]
[EventDate "1991.06.??"]
[Source "www.chesslib.no"]
[SourceDate "2004.05.04"]

1. e4 e5 2. Nf3 Nc6 3. Bc4 Bc5 4. c3 Nf6 5. d4 exd4 6. cxd4 Bb4+ 7. Nc3 Nxe4 8. O-O Bxc3 9. d5 Bf6 10. Re1 Ne7 11. Rxe4 d6 12. Bg5 Bxg5 13. Nxg5 h6 14. Qe2 hxg5 15. Re1 Be6 16. dxe6 f5 1/2-1/2

[Event "Logrono ESP chJ"]
[Site "?"]
[Date "1987.??.??"]
[Round "6"]
[White "Benito"]
[Black "Magem"]
[Result "1-0"]
[WhiteElo "2405"]
[BlackElo "2440"]
[PlyCount "59"]
[EventDate "1987.??.??"]
[Source "www.chesslib.no"]
[SourceDate "2004.05.04"]

1. e4 e5 2. Nf3 Nc6 3. Bc4 Bc5 4. c3 Nf6 5. d4 exd4 6. cxd4 Bb4+ 7. Nc3 Nxe4 8. O-O Bxc3 9. d5 Bf6 10. Re1 Ne7 11. Rxe4 d6 12. Bg5 Bxg5 13. Nxg5 O-O 14. Nxh7 Kxh7 15. Qh5+ Kg8 16. Rh4 f5 17. Qh7+ Kf7 18. Rh6 Rg8 19. Re1 Kf8 20. Rh3 b5 21. Bb3 Bd7 22. Rf3 Kf7 23. Rfe3 Nc8 24. Re6 Rh8 25. Qxf5+ Kg8 26. Bc2 Bxe6 27. Qxe6+ Kf8 28. Bg6 Qe7 29. Qf5+ Qf6 30. Re8# 1-0

[Event "AUT Team Ch"]
[Site "Austria"]
[Date "1992.??.??"]
[Round "?"]
[White "Kostic, Nebojsa"]
[Black "Fauland, Alexander"]
[Result "1-0"]
[WhiteElo "2390"]
[BlackElo "2440"]
[PlyCount "59"]
[EventDate "1992.??.??"]
[Source "www.chesslib.no"]
[SourceDate "2004.05.04"]

1. e4 e5 2. Nf3 Nc6 3. Bc4 Bc5 4. c3 Nf6 5. d4 exd4 6. cxd4 Bb4+ 7. Nc3 Nxe4 8. O-O Bxc3 9. d5 Bf6 10. Re1 Ne7 11. Rxe4 O-O 12. d6 cxd6 13. Qxd6 Nf5 14. Qd5 d6 15. Bf4 Be6 16. Rxe6 fxe6 17. Qxf5 Bxb2 18. Qxe6+ Kh8 19. Bg5 Bf6 20. Bxf6 Qxf6 21. Qxf6 Rxf6 22. Bd5 Rb8 23. Re1 h6 24. g4 b5 25. Re7 a5 26. Kg2 g5 27. h4 Rc8 28. hxg5 hxg5 29. Nxg5 Rc2 30. Rh7# 1-0

[Event "42nd Capablanca Memorial - Open"]
[Site "L'Avana CUB"]
[Date "2007.05.25"]
[Round "7"]
[White "Gonzalez Perez, A."]
[Black "Guerra Mendez, J."]
[Result "0-1"]
[WhiteElo "2430"]
[BlackElo "2399"]
[PlyCount "88"]
[EventDate "2007.05.18"]
[Source "www.chesslib.no"]
[SourceDate "2004.05.04"]

1. e4 e5 2. Nf3 Nc6 3. Bc4 Bc5 4. c3 Nf6 5. d4 exd4 6. cxd4 Bb4+ 7. Nc3 Nxe4 8. O-O Bxc3 9. d5 Bf6 10. Re1 Ne7 11. Rxe4 d6 12. Bg5 Bxg5 13. Nxg5 h6 14. Qe2 hxg5 15. Re1 Be6 16. dxe6 f6 17. Re3 c6 18. Rb3 Qc7 19. Bd3 d5 20. g3 g6 21. Qf3 f5 22. Qe3 g4 23. Qd4 O-O 24. Ra3 c5 25. Rc3 c4 26. Bf1 b5 27. Bg2 Qb6 28. Rd1 Qxd4 29. Rxd4 Rfd8 30. Rc1 Rd6 31. a4 a6 32. Ra1 Rad8 33. axb5 axb5 34. Ra5 Rb6 35. Kf1 Kg7 36. Ra7 Kf6 37. Rd1 d4 38. f3 gxf3 39. Bxf3 Rxe6 40. g4 Nd5 41. gxf5 Ne3+ 42. Ke2 gxf5 43. Rh1 c3 44. Kd3 Nc4 0-1

[Event "Budapest FS02 GM"]
[Site "Budapest"]
[Date "1999.02.16"]
[Round "11"]
[White "Boricsev, Oleg"]
[Black "Lukacs, Peter"]
[Result "0-1"]
[WhiteElo "2360"]
[BlackElo "2467"]
[PlyCount "86"]
[EventDate "1999.02.??"]
[Source "www.chesslib.no"]
[SourceDate "2004.05.04"]

1. e4 e5 2. Nf3 Nc6 3. Bc4 Bc5 4. c3 Nf6 5. d4 exd4 6. cxd4 Bb4+ 7. Nc3 Nxe4 8. O-O Bxc3 9. d5 Bf6 10. Re1 Ne7 11. Rxe4 d6 12. Bg5 Bxg5 13. Nxg5 h6 14. Bb5+ Bd7 15. Bxd7+ Qxd7 16. Qe2 Kf8 17. Ne6+ fxe6 18. dxe6 Qe8 19. Rf4+ Kg8 20. Rc1 Rh7 21. Rf7 g6 22. Rxh7 Kxh7 23. Rxc7 Rc8 24. Qc4 Rxc7 25. Qxc7 Kg8 26. Qxd6 Nc6 27. f4 Qe7 28. Qd5 Nd8 29. Qd3 Qc5+ 30. Kf1 Qc1+ 31. Ke2 Qxb2+ 32. Kf3 Nxe6 33. Qxg6+ Ng7 34. Qd6 Qc3+ 35. Ke4 Qc4+ 36. Kf3 Qf1+ 37. Ke4 Qxg2+ 38. Kd3 Qh3+ 39. Ke4 Qe6+ 40. Qxe6+ Nxe6 41. Ke5 Kf7 42. f5 Nc7 43. a4 b5 0-1

[Event "Paris Open"]
[Site "Paris FRA"]
[Date "1994.??.??"]
[Round "2"]
[White "Marcantoni, Herve"]
[Black "Korneev, Oleg"]
[Result "1/2-1/2"]
[WhiteElo "2315"]
[BlackElo "2500"]
[PlyCount "140"]
[EventDate "1994.??.??"]
[Source "www.chesslib.no"]
[SourceDate "2004.05.04"]

1. e4 e5 2. Nf3 Nc6 3. Bc4 Bc5 4. c3 Nf6 5. d4 exd4 6. cxd4 Bb4+ 7. Nc3 Nxe4 8. O-O Bxc3 9. d5 Bf6 10. Re1 Ne7 11. Rxe4 O-O 12. d6 cxd6 13. g4 b5 14. g5 Be5 15. Nxe5 dxe5 16. Bd5 Rb8 17. Rxe5 d6 18. Re3 Bb7 19. Bxb7 Rxb7 20. Bd2 b4 21. Qg4 a5 22. Rae1 g6 23. a3 Nf5 24. Rb3 d5 25. axb4 d4 26. Qe4 Re7 27. Qf4 Rxe1+ 28. Bxe1 Re8 29. Bd2 Qd5 30. Qf3 Qxf3 31. Rxf3 axb4 32. Bxb4 Re2 33. Ra3 h6 34. Ra8+ Kh7 35. Ra7 Kg7 36. gxh6+ Nxh6 37. Rd7 Nf5 38. Bc5 Rd2 39. b4 d3 40. Bd4+ Kh6 41. Be3+ Nxe3 42. fxe3 Kg5 43. Rd4 f5 44. b5 Kh5 45. b6 Rb2 46. Rxd3 Rxb6 47. Kg2 Rb4 48. h3 Rb2+ 49. Kg3 Re2 50. Kf3 Re1 51. Kf2 Ra1 52. Kg3 Kg5 53. Rb3 Ra6 54. Rc3 Re6 55. Rb3 Kh5 56. Kg2 Re5 57. Ra3 Re4 58. Rb3 g5 59. Ra3 Re5 60. Rb3 Ra5 61. Rc3 Ra2+ 62. Kg3 Re2 63. Kf3 Re1 64. Kf2 Rb1 65. Kg3 Rb4 66. Rc5 Kg6 67. Rc6+ Kf7 68. Ra6 Rb3 69. Kf2 Rb2+ 70. Kf3 Rb3 1/2-1/2

[Event "Krasnodar op"]
[Site "Krasnodar"]
[Date "1997.??.??"]
[Round "?"]
[White "Osipov, D."]
[Black "Daniliuk, Sergey"]
[Result "0-1"]
[WhiteElo "2395"]
[BlackElo "2410"]
[PlyCount "72"]
[EventDate "1997.??.??"]
[Source "www.chesslib.no"]
[SourceDate "2004.05.04"]

1. e4 e5 2. Nf3 Nc6 3. Bc4 Bc5 4. c3 Nf6 5. d4 exd4 6. cxd4 Bb4+ 7. Nc3 Nxe4 8. O-O Bxc3 9. d5 Bf6 10. Re1 Ne7 11. Rxe4 d6 12. Bg5 Bxg5 13. Nxg5 h6 14. Qe2 hxg5 15. Re1 Be6 16. dxe6 f6 17. Re3 Kf8 18. Rh3 Rxh3 19. gxh3 g6 20. Qf3 Kg7 21. Qxb7 Qb8 22. Qe4 c6 23. Bb3 a5 24. Rd1 d5 25. Qd4 Qb4 26. Qc3 Rb8 27. Qg3 Rb7 28. Qg4 Qxg4+ 29. hxg4 Rb4 30. f3 a4 31. Bc2 Rxb2 32. Bxa4 Rxa2 33. Rb1 f5 34. Rb7 Kf6 35. Bb3 Rd2 36. Ba4 Rd4 0-1

[Event "Kotov Memorial"]
[Site "Odessa UKR"]
[Date "1989.??.??"]
[Round "?"]
[White "Pyhala, Antti"]
[Black "Dobrovolsky, Ladislav"]
[Result "1/2-1/2"]
[WhiteElo "2385"]
[BlackElo "2415"]
[PlyCount "81"]
[EventDate "1989.10.??"]
[Source "www.chesslib.no"]
[SourceDate "2004.05.04"]

1. e4 e5 2. Nf3 Nc6 3. Bc4 Bc5 4. c3 Nf6 5. d4 exd4 6. cxd4 Bb4+ 7. Nc3 Nxe4 8. O-O Bxc3 9. d5 Bf6 10. Re1 Ne7 11. Rxe4 d6 12. Bg5 Bxg5 13. Nxg5 h6 14. Qe2 hxg5 15. Re1 Be6 16. dxe6 f6 17. Re3 Kf8 18. Rh3 Rxh3 19. gxh3 g6 20. Qf3 Kg7 21. Qxb7 Qc8 22. Qf3 Rb8 23. b3 Qb7 24. Qd3 Rh8 25. Ba6 Qb6 26. Rc1 Rh4 27. Qb5 c6 28. Qxb6 axb6 29. Bb7 Rh8 30. b4 b5 31. Rc2 f5 32. a4 bxa4 33. Bxc6 Nxc6 34. Rxc6 Kf6 35. Rxd6 Ra8 36. b5 a3 37. Rd1 a2 38. Ra1 Kxe6 39. b6 Rb8 40. Rxa2 Rxb6 41. Ra3 1/2-1/2

[Event "Bayernliga 2004/05"]
[Site "?"]
[Date "2004.11.14"]
[Round "2.1"]
[White "Blaskowski Johannes"]
[Black "Unzicker Wolfgang"]
[Result "1/2-1/2"]
[WhiteElo "2368"]
[BlackElo "2430"]
[PlyCount "67"]
[EventDate "2004.??.??"]
[Source "www.chesslib.no"]
[SourceDate "2004.05.04"]

1. e4 e5 2. Nf3 Nc6 3. Bc4 Bc5 4. c3 Nf6 5. d4 exd4 6. cxd4 Bb4+ 7. Nc3 Nxe4 8. O-O Bxc3 9. d5 Bf6 10. Re1 Ne7 11. Rxe4 d6 12. Bg5 Bxg5 13. Nxg5 O-O 14. Nxh7 Bf5 15. Rxe7 Qxe7 16. Nxf8 Rxf8 17. Qe1 Re8 18. Qxe7 Rxe7 19. f3 c5 20. dxc6 bxc6 21. Rc1 Rb7 22. b3 Kf8 23. g4 Bd7 24. h4 d5 25. Be2 Ke7 26. Kf2 Kd6 27. h5 f6 28. Bd3 c5 29. Ke3 Bb5 30. Bxb5 Rxb5 31. Kf4 Ke6 32. Re1+ Kf7 33. Rd1 Ke6 34. Re1+ 1/2-1/2

[Event "Vsetin op"]
[Site "Vsetin"]
[Date "1997.??.??"]
[Round "?"]
[White "Berezjuk, Sergej"]
[Black "Sosna, Jan"]
[Result "1-0"]
[WhiteElo "2410"]
[BlackElo "2370"]
[PlyCount "121"]
[EventDate "1997.??.??"]
[Source "www.chesslib.no"]
[SourceDate "2004.05.04"]

1. e4 e5 2. Nf3 Nc6 3. Bc4 Bc5 4. c3 Nf6 5. d4 exd4 6. cxd4 Bb4+ 7. Nc3 Nxe4 8. O-O Bxc3 9. d5 Ne5 10. bxc3 Nxc4 11. Qd4 O-O 12. Qxe4 Nd6 13. Qd4 Nf5 14. Qd3 d6 15. Bg5 f6 16. Bd2 Qe8 17. Rfe1 Qf7 18. c4 Bd7 19. Nd4 Qg6 20. Ne6 Bxe6 21. dxe6 Ne7 22. Qb3 b6 23. a4 a5 24. Ra3 Rfe8 25. Qb5 Qf5 26. Rf3 Qxb5 27. cxb5 Ng6 28. Rb3 Re7 29. f4 f5 30. h3 h5 31. Kf2 h4 32. g3 hxg3+ 33. Rxg3 Nf8 34. Bc3 Nxe6 35. Bxg7 Kf7 36. Bh6 Rh8 37. Bg5 Ree8 38. h4 Nc5 39. Ra3 Rxe1 40. Kxe1 Re8+ 41. Kd2 Kg6 42. Kd1 Re4 43. Rg3 Ne6 44. Rh3 Kh5 45. Bf6 Kg4 46. Rh1 Nxf4 47. h5 Re6 48. h6 Rxf6 49. h7 Ng6 50. Rg1+ Kh5 51. Rxg6 Kxg6 52. h8=Q f4 53. Qg8+ Kf5 54. Qh7+ Kg5 55. Qg7+ Kf5 56. Ke2 f3+ 57. Kf2 d5 58. Qxc7 Kg6 59. Qd8 Kg7 60. Qxd5 Kf8 61. Qd7 1-0

[Event "Volgograd"]
[Site "Volgograd"]
[Date "1997.??.??"]
[Round "3"]
[White "Nosov, Andrey"]
[Black "Sumaneev, Dmitry"]
[Result "1/2-1/2"]
[WhiteElo "2345"]
[BlackElo "2435"]
[PlyCount "24"]
[EventDate "1997.??.??"]
[Source "www.chesslib.no"]
[SourceDate "2004.05.04"]

1. e4 e5 2. Nf3 Nc6 3. Bc4 Bc5 4. c3 Nf6 5. d4 exd4 6. cxd4 Bb4+ 7. Nc3 Nxe4 8. O-O Bxc3 9. d5 Bf6 10. Re1 Ne7 11. Rxe4 d6 12. g4 h6 1/2-1/2

[Event "Eger"]
[Site "Eger"]
[Date "1996.??.??"]
[Round "7"]
[White "Boricsev, Oleg"]
[Black "Neverov, Anatoly"]
[Result "1/2-1/2"]
[WhiteElo "2345"]
[BlackElo "2425"]
[PlyCount "62"]
[EventDate "1996.??.??"]
[Source "www.chesslib.no"]
[SourceDate "2004.05.04"]

1. e4 e5 2. Nf3 Nc6 3. Bc4 Bc5 4. c3 Nf6 5. d4 exd4 6. cxd4 Bb4+ 7. Nc3 Nxe4 8. O-O Bxc3 9. d5 Bf6 10. Re1 Ne7 11. Rxe4 d6 12. Bg5 Bxg5 13. Nxg5 h6 14. Qe2 hxg5 15. Bb5+ Kf8 16. Re1 Be6 17. dxe6 f6 18. Bd7 c6 19. Qd3 d5 20. R4e3 Qa5 21. a3 Rh4 22. b4 Qc7 23. Rh3 Qf4 24. Rxh4 gxh4 25. Qh7 Qh6 26. Qc2 h3 27. Qc3 hxg2 28. Re3 Qg6 29. Qc5 Qb1+ 30. Kxg2 Qg6+ 31. Kh1 Qb1+ 1/2-1/2

[Event "National I"]
[Site "?"]
[Date "2003.04.05"]
[Round "5"]
[White "Leygue Dominique"]
[Black "Flear Glenn C"]
[Result "0-1"]
[WhiteElo "2253"]
[BlackElo "2509"]
[PlyCount "102"]
[EventDate "2003.??.??"]
[Source "www.chesslib.no"]
[SourceDate "2004.05.04"]

1. e4 e5 2. Nf3 Nc6 3. Bc4 Bc5 4. c3 Nf6 5. d4 exd4 6. cxd4 Bb4+ 7. Nc3 Nxe4 8. O-O Bxc3 9. d5 Ne5 10. bxc3 Nxc4 11. Qd4 O-O 12. Qxe4 Nd6 13. Qf4 Ne8 14. d6 Nxd6 15. Ba3 b6 16. Rad1 Ba6 17. Rfe1 Re8 18. Bxd6 cxd6 19. Rxe8+ Qxe8 20. Re1 Qf8 21. Qa4 Bb7 22. Qxd7 Bxf3 23. gxf3 Qc8 24. Re7 Qxd7 25. Rxd7 Kf8 26. Kf1 Rc8 27. Rxa7 Rxc3 28. Rb7 Rc6 29. a4 g6 30. Ke2 Kg7 31. Kd3 Kf6 32. Kd4 Ke6 33. f4 h5 34. f5+ gxf5 35. Rb8 h4 36. Rh8 Rc2 37. Rxh4 Rxf2 38. Ke3 Ra2 39. Rb4 Rxh2 40. Rxb6 Rh3+ 41. Ke2 Ra3 42. Ra6 f4 43. Ra8 Ke5 44. a5 f3+ 45. Kf2 Kf4 46. a6 f5 47. a7 d5 48. Rd8 Rxa7 49. Rxd5 Ra2+ 50. Kf1 Kg3 51. Rd1 Rh2 0-1

[Event "FIN Team Ch"]
[Site "Finland"]
[Date "1992.??.??"]
[Round "?"]
[White "Sorri, Kari Juhani"]
[Black "Rantanen, Yrjo A"]
[Result "0-1"]
[WhiteElo "2340"]
[BlackElo "2410"]
[PlyCount "118"]
[EventDate "1992.??.??"]
[Source "www.chesslib.no"]
[SourceDate "2004.05.04"]

1. e4 e5 2. Nf3 Nc6 3. Bc4 Bc5 4. c3 Nf6 5. d4 exd4 6. cxd4 Bb4+ 7. Nc3 Nxe4 8. O-O Bxc3 9. d5 Bf6 10. Re1 Ne7 11. Rxe4 d6 12. Bg5 Bxg5 13. Nxg5 h6 14. Qe2 hxg5 15. Re1 Kf8 16. Bb5 Be6 17. dxe6 f6 18. Bd7 c6 19. Re3 d5 20. Qd3 Qc7 21. Rh3 Rxh3 22. Qxh3 Kg8 23. Qh5 g6 24. Qf3 Kg7 25. Qe2 Rh8 26. g3 Qd6 27. a3 a5 28. Qe3 c5 29. Qe2 d4 30. Bb5 b6 31. Qf3 Qc7 32. b3 Rd8 33. a4 Rb8 34. Bf1 Rb7 35. Qe4 Ra7 36. Bb5 Qb7 37. Qc2 Qd5 38. Bc4 Qd6 39. Bb5 Qd5 40. Bf1 Rc7 41. Qd3 Qd6 42. Qe4 f5 43. Qa8 Rc8 44. Qb7 Qc7 45. Qf3 g4 46. Qe2 Nd5 47. Qc4 Nf6 48. Bg2 Re8 49. h3 gxh3 50. Bxh3 Qd6 51. Bg2 Ne4 52. Bxe4 Rxe6 53. Qd3 Qe5 54. f4 fxe4 55. Qe2 Qd5 56. g4 e3 57. Rd1 Qe4 58. Qc4 e2 59. Re1 d3 0-1

[Event "Edinburgh Open"]
[Site "Edinburgh SCO"]
[Date "1988.??.??"]
[Round "4"]
[White "Motwani, Paul"]
[Black "Mannion, Stephen R"]
[Result "1/2-1/2"]
[WhiteElo "2465"]
[BlackElo "2280"]
[PlyCount "49"]
[EventDate "1988.??.??"]
[Source "www.chesslib.no"]
[SourceDate "2004.05.04"]

1. e4 e5 2. Nf3 Nc6 3. Bc4 Bc5 4. c3 Nf6 5. d4 exd4 6. cxd4 Bb4+ 7. Nc3 Nxe4 8. O-O Bxc3 9. d5 Bf6 10. Re1 Ne7 11. Rxe4 d6 12. Bg5 Bxg5 13. Nxg5 h6 14. Qe2 hxg5 15. Re1 Be6 16. dxe6 f6 17. Re3 d5 18. Rh3 Rxh3 19. gxh3 g6 20. Qf3 Qd6 21. Qxf6 Qf4 22. Qh8+ Qf8 23. Qd4 Qf4 24. Qh8+ Qf8 25. Qd4 1/2-1/2